[Event "Lichtenrader Herbst"]
[Site "Berlin"]
[Date "2009.10.23"]
[Round "7.18"]
[White "Welz, Peter"]
[Black "Mueller, Tobias"]
[Result "0-1"]
[WhiteElo "2100"]
[BlackElo "1922"]
[PlyCount "151"]
[EventDate "2009.??.??"]
[WhiteTeam "SV Empor Berlin e.V."]
[BlackTeam "SK Marmstorf GW Harburg"]

1. e4 c5 2. Nc3 Nc6 3. g3 g6 4. Bg2 Bg7 5. d3 d6 6. Be3 e5 7. Qd2 Nge7 8. h4 h5
9. Nh3 Nd4 10. f4 Bg4 11. O-O Qd7 12. Kh2 O-O 13. Rf2 f5 14. Raf1 Rac8 15. Ng5
Ne6 16. Nxe6 Qxe6 17. exf5 gxf5 18. fxe5 Bxe5 19. Bh6 Rf6 20. Bg5 Rg6 21. b3
Rxg5 22. Qxg5+ Kh7 23. Be4 Rg8 24. Rxf5 Nxf5 25. Rxf5 Kh8 26. Rxe5 dxe5 27. Qe3
Rb8 28. Bd5 Qe7 29. Ne4 Kg7 30. c4 b6 31. a3 Rf8 32. Ng5 Qf6 33. Bg2 Qf5 34. b4
cxb4 35. axb4 Rd8 36. Be4 Qf6 37. Nh7 Qh6 38. Ng5 Qf6 39. c5 bxc5 40. bxc5 Rb8
41. c6 Rb2+ 42. Bg2 Qxc6 43. Qxa7+ Qd7 44. Qc5 Re2 45. Qb6 Qxd3 46. Qb7+ Qd7
47. Qb1 Bf5 48. Qb3 Rd2 49. Qe3 Qd5 50. Nf3 Ra2 51. Qg5+ Bg6 52. Qe7+ Kg8 53.
Kh1 Be4 54. Qg5+ Kf8 55. Qf6+ Ke8 56. Qh8+ Ke7 57. Qg7+ Kd6 58. Qf8+ Kc7 59.
Qe7+ Kb6 60. Qb4+ Ka6 61. Bf1+ Ka7 62. Qe7+ Kb8 63. Qb4+ Ka7 64. Qe7+ Qb7 65.
Qc5+ Qb6 66. Qe7+ Bb7 67. Bg2 Ka6 68. Qf7 Ra1+ 69. Kh2 Bxf3 70. Bxf3 Qg1+ 71.
Kh3 Qf1+ 72. Kh2 Qf2+ 73. Kh3 Rh1+ 74. Bxh1 Qxf7 75. Bg2 Qf5+ 76. Kh2 0-1

[Event "Lichtenrader Herbst"]
[Site "Berlin"]
[Date "2009.10.23"]
[Round "7.19"]
[White "Pesola, Jyrki"]
[Black "Poppner, Dietmar"]
[Result "1-0"]
[WhiteElo "1946"]
[BlackElo "2093"]
[PlyCount "73"]
[EventDate "2009.??.??"]
[BlackTeam "SV Berolina Mitte e.V."]

1. e4 c5 2. Nf3 e6 3. d4 cxd4 4. Nxd4 a6 5. c4 Nf6 6. Bd3 Nc6 7. Nxc6 bxc6 8.
O-O Qc7 9. f4 Bc5+ 10. Kh1 h5 11. Nc3 Ng4 12. Qf3 g6 13. e5 d5 14. exd6 Bxd6
15. Ne4 Be7 16. Bd2 f5 17. Nf2 Bf6 18. Bc3 Bxc3 19. bxc3 a5 20. Rae1 Nxf2+ 21.
Rxf2 Kf7 22. c5 Re8 23. Qe3 Ba6 24. Bxa6 Rxa6 25. Rd2 Qe7 26. Rd6 Raa8 27. Rxc6
Rec8 28. Rd6 Rd8 29. Qe5 Rxd6 30. cxd6 Qd7 31. c4 Qc6 32. c5 h4 33. h3 Qd7 34.
Rb1 Rc8 35. Rb6 a4 36. a3 Rc6 37. Qb2 1-0

[Event "Lichtenrader Herbst"]
[Site "Berlin"]
[Date "2009.10.23"]
[Round "7.20"]
[White "Idaczek, Guenter"]
[Black "Hahlbohm, Matthias"]
[Result "0-1"]
[WhiteElo "1874"]
[BlackElo "2090"]
[PlyCount "66"]
[EventDate "2009.??.??"]
[WhiteTeam "BSV 63 Chemie Weißensee"]
[BlackTeam "TSG Oberschöneweide e.V."]

1. e4 c5 2. Nf3 d6 3. d4 cxd4 4. Nxd4 Nf6 5. Nc3 a6 6. Bg5 e5 7. Bxf6 Qxf6 8.
Nd5 Qd8 9. Nf3 Nd7 10. c3 Nb6 11. Be2 Nxd5 12. Qxd5 Be7 13. Nd2 O-O 14. Nc4 Qc7
15. Ne3 Bg5 16. Nf5 Rd8 17. h4 Be6 18. Qd3 Be7 19. Qg3 Bxf5 20. exf5 d5 21. h5
h6 22. f6 Bxf6 23. O-O b5 24. Rac1 Qb6 25. Rfd1 Rac8 26. Bg4 Rc7 27. Bf3 e4 28.
Be2 Re7 29. Qg4 Re5 30. Kf1 Bg5 31. Ra1 f5 32. Qh3 Re7 33. Qxf5 Rf7 0-1

[Event "Lichtenrader Herbst"]
[Site "Berlin"]
[Date "2009.10.23"]
[Round "7.40"]
[White "Stachanczyk, Jacek"]
[Black "Dukaczewski, Piotr"]
[Result "1/2-1/2"]
[WhiteElo "2212"]
[BlackElo "2285"]
[PlyCount "122"]
[EventDate "2009.??.??"]

1. e4 c5 2. Nf3 Nc6 3. Nc3 d6 4. d4 cxd4 5. Nxd4 Nf6 6. Bg5 e6 7. Qd2 a6 8.
O-O-O Bd7 9. f4 b5 10. Bxb5 axb5 11. Ndxb5 Nb4 12. Nxd6+ Bxd6 13. Qxd6 Nxa2+
14. Nxa2 Rxa2 15. Bxf6 gxf6 16. Kb1 Ra7 17. Rd3 Qc7 18. Qd4 e5 19. fxe5 fxe5
20. Qb4 Rb7 21. Qa3 Bc6 22. Rhd1 Rb8 23. Qc5 Rc8 24. Rc3 Rg8 25. Rd6 Rxg2 26.
Rxc6 Qxc6 27. Qxe5+ Kf8 28. Rxc6 Rxc6 29. Qb8+ Kg7 30. c3 Re6 31. Ka2 Rxe4 32.
Ka3 Ree2 33. b4 Rxh2 34. Qg3+ Kf8 35. b5 Rh6 36. Qf4 Rhe6 37. c4 h5 38. Qd4 Kg8
39. b6 Re8 40. Kb4 R2e4 41. Qd6 R4e6 42. Qg3+ Rg6 43. Qc7 Rg1 44. c5 h4 45. Qh2
Rb1+ 46. Kc3 Re3+ 47. Kd4 Reb3 48. Qb8+ Kg7 49. Qc8 Rb4+ 50. Kd5 R1b3 51. Qf5
f6 52. Ke6 Re3+ 53. Kd6 h3 54. c6 h2 55. Qf1 Rxb6 56. Qg2+ Kf7 57. Qxh2 Re6+
58. Kd7 Re7+ 59. Kd6 Re6+ 60. Kd7 Re7+ 61. Kd8 Re8+ 1/2-1/2

[Event "Lichtenrader Herbst"]
[Site "Berlin"]
[Date "2009.10.24"]
[Round "8.1"]
[White "Kalinitschew, Sergey"]
[Black "Graf, Alexander"]
[Result "0-1"]
[WhiteElo "2483"]
[BlackElo "2596"]
[PlyCount "108"]
[EventDate "2009.??.??"]
[WhiteTeam "SK Zehlendorf e.V."]
[BlackTeam "Schachklub König Plauen"]

1. d4 d5 2. c4 c6 3. cxd5 cxd5 4. Nc3 Nf6 5. Bf4 Nc6 6. e3 Bf5 7. Bd3 Bxd3 8.
Qxd3 e6 9. Nf3 Be7 10. O-O O-O 11. Rfc1 Rc8 12. Bg5 Nd7 13. Bxe7 Qxe7 14. Qb5
Nb6 15. Nd2 Rfd8 16. a3 Rc7 17. Qf1 Na5 18. Nb5 Rxc1 19. Rxc1 a6 20. Nc3 Nbc4
21. Nxc4 Nxc4 22. Qe2 g6 23. Na2 e5 24. dxe5 Qxe5 25. Nc3 Rc8 26. Nb1 Rc6 27.
Rc3 Qf5 28. Qf1 Nxb2 29. h3 Nc4 30. Qd1 Rb6 31. Nd2 Rb2 32. e4 Qf6 33. e5 Qf5
34. g4 Qf4 35. Nf3 Qe4 36. Qd3 b5 37. Qxe4 dxe4 38. Ng5 e3 39. fxe3 Nxe5 40.
Rc5 h6 41. Rxe5 hxg5 42. Re8+ Kg7 43. Ra8 Ra2 44. Rxa6 b4 45. Rb6 bxa3 46. Ra6
f5 47. h4 gxh4 48. g5 h3 49. Kh1 Kf7 50. Rf6+ Ke7 51. Ra6 Kd7 52. Kg1 Rg2+ 53.
Kh1 a2 54. e4 Rb2 0-1

[Event "Lichtenrader Herbst"]
[Site "Berlin"]
[Date "2009.10.24"]
[Round "8.2"]
[White "Brener, Ilja"]
[Black "Marcziter, Dmitrii"]
[Result "0-1"]
[WhiteElo "2409"]
[BlackElo "2257"]
[PlyCount "106"]
[EventDate "2009.??.??"]
[WhiteTeam "SK Zehlendorf e.V."]
[BlackTeam "Kölner Schachklub Dr. Lasker 186"]

1. e4 c5 2. Nf3 e6 3. d4 cxd4 4. Nxd4 a6 5. c4 Qc7 6. Nc3 Nf6 7. Be2 b6 8. O-O
Bb7 9. Qd3 Be7 10. Be3 O-O 11. Rac1 d6 12. f4 Nbd7 13. Bf3 Rac8 14. b3 Qb8 15.
Rfe1 Rfe8 16. Qd2 Bd8 17. Bf2 Bc7 18. g3 h5 19. h3 g6 20. Bg2 h4 21. g4 e5 22.
fxe5 dxe5 23. Nf3 Nc5 24. Nxh4 Ne6 25. Nd5 Bd8 26. Nf3 Nf4 27. Bg3 Bxd5 28.
exd5 Bc7 29. Bxf4 exf4 30. Qd4 Nd7 31. b4 Bd6 32. a3 a5 33. Rxe8+ Rxe8 34. c5
bxc5 35. bxc5 Rc8 36. c6 Bxa3 37. Rc3 Bb2 38. Kh2 Nb6 39. Ne5 f3 40. Qf4 Qc7
41. d6 Qxd6 42. Qxf7+ Kh8 43. Rxf3 Bxe5+ 44. Kh1 Qxc6 45. Rf1 Qd6 46. Be4 Qd2
47. Bg2 Qd3 48. Qe7 Qg3 49. Rf8+ Rxf8 50. Qxf8+ Kh7 51. Qe7+ Bg7 52. Qe6 Qf2
53. Bd5 Qf6 0-1

[Event "Lichtenrader Herbst"]
[Site "Berlin"]
[Date "2009.10.24"]
[Round "8.3"]
[White "Orzech, Dominik"]
[Black "Stachanczyk, Jacek"]
[Result "1-0"]
[WhiteElo "2435"]
[BlackElo "2212"]
[PlyCount "69"]
[EventDate "2009.??.??"]
[WhiteTeam "SK Zehlendorf e.V."]

1. d4 d5 2. Nf3 Nf6 3. c4 c6 4. Nc3 dxc4 5. a4 Bf5 6. Ne5 Nbd7 7. Nxc4 Nb6 8.
Ne5 a5 9. g3 e6 10. Bg2 Bb4 11. O-O O-O 12. e3 h6 13. Qe2 Bh7 14. Rd1 Nfd5 15.
Bd2 Bc2 16. Rdc1 Bb3 17. e4 Nf6 18. Be3 Nfd7 19. Ng4 f5 20. exf5 exf5 21. Ne5
Nxe5 22. dxe5 Nc4 23. Rd1 Qe7 24. Bd4 Kh8 25. Rd3 Rad8 26. Nd5 cxd5 27. Rxb3
Rfe8 28. Kh1 Qd7 29. Rd3 Qe6 30. Rad1 Rd7 31. Qh5 Kh7 32. b3 g6 33. Qh4 Be7 34.
Qh3 Na3 35. Be3 1-0

[Event "Lichtenrader Herbst"]
[Site "Berlin"]
[Date "2009.10.24"]
[Round "8.4"]
[White "Rolle, Eric"]
[Black "Dauth, Benjamin"]
[Result "1-0"]
[WhiteElo "2265"]
[BlackElo "2297"]
[PlyCount "95"]
[EventDate "2009.??.??"]
[WhiteTeam "ESV 1949 Eberswalde e.V."]
[BlackTeam "SC Rotation Pankow e.V."]

1. d4 Nf6 2. Nf3 d5 3. c4 c6 4. Nc3 dxc4 5. a4 Bf5 6. e3 e6 7. Bxc4 Bb4 8. O-O
O-O 9. Qe2 Ne4 10. Nxe4 Bxe4 11. Ne5 Nd7 12. f3 Nxe5 13. fxe4 Nxc4 14. Qxc4 a5
15. b3 Qh4 16. Qc2 c5 17. Bb2 cxd4 18. exd4 Rac8 19. Qd3 Rc7 20. Rf3 e5 21. d5
f6 22. d6 Rc5 23. d7 Rd8 24. Rd1 Qg4 25. Rf5 h6 26. Bc1 Kh7 27. h3 Qg6 28. Bd2
Bxd2 29. Rxd2 Qf7 30. Qd6 Rc3 31. Qxe5 Rxb3 32. Qc7 Qe7 33. e5 Qb4 34. Rff2 Qb6
35. Qc2+ f5 36. Qxf5+ Kh8 37. Rd6 Qe3 38. e6 Qe1+ 39. Kh2 Re3 40. Rb6 Re5 41.
Qf8+ Kh7 42. Qf7 Qe3 43. Rd6 Qe1 44. Rf3 Qe2 45. Rg3 Rg5 46. Rxg5 hxg5 47. Qf5+
Kh6 48. e7+ 1-0

[Event "Lichtenrader Herbst"]
[Site "Berlin"]
[Date "2009.10.24"]
[Round "8.5"]
[White "Cusnariov, Nicolai"]
[Black "Batyrov, Sapar"]
[Result "1/2-1/2"]
[WhiteElo "2156"]
[BlackElo "2421"]
[PlyCount "64"]
[EventDate "2009.??.??"]
[WhiteTeam "USV Potsdam e.V., Abt. Schach"]

1. d4 d5 2. Nf3 Nf6 3. c4 c6 4. cxd5 cxd5 5. Nc3 a6 6. Bf4 g6 7. e3 Bg7 8. Bd3
O-O 9. O-O b6 10. Qb3 Bb7 11. Na4 Nbd7 12. Rac1 Ne8 13. Rc2 Nd6 14. Nc3 Nf6 15.
Be5 e6 16. Qb4 Nfe8 17. Na4 b5 18. Nc5 Bc8 19. Bxg7 Nxg7 20. b3 Ngf5 21. Rfc1
h5 22. Bxf5 gxf5 23. Nd3 a5 24. Qe1 b4 25. Nfe5 Ne4 26. Qe2 Qg5 27. Nc5 Nc3 28.
Qf3 Ba6 29. a3 Bb5 30. h3 Ra7 31. Ned3 Bxd3 32. Nxd3 Ne4 1/2-1/2

[Event "Lichtenrader Herbst"]
[Site "Berlin"]
[Date "2009.10.24"]
[Round "8.6"]
[White "Shapiro, Yosip"]
[Black "Radovanovic, Jovica"]
[Result "0-1"]
[WhiteElo "2109"]
[BlackElo "2360"]
[PlyCount "78"]
[EventDate "2009.??.??"]
[WhiteTeam "SV Berolina Mitte e.V."]

1. Nf3 Nf6 2. c4 c6 3. d4 d5 4. Nc3 dxc4 5. a4 Bg4 6. Ne5 Bh5 7. g3 e6 8. Bg2
Bb4 9. O-O O-O 10. Nxc4 a5 11. h3 Nbd7 12. Qc2 Nb6 13. Nxb6 Qxb6 14. e3 Rfd8
15. Bd2 Rac8 16. Rfc1 Bd6 17. Nb1 Bg6 18. Qd1 Qxb2 19. Bc3 Qb6 20. Qe1 Bb4 21.
Bxb4 Qxb4 22. Qxb4 axb4 23. Nd2 e5 24. Rc4 exd4 25. exd4 Nd5 26. Be4 Bxe4 27.
Nxe4 Ra8 28. a5 Ra7 29. Nd2 g6 30. Nb3 Re8 31. Kf1 Re3 32. Rb1 Rxg3 33. Rxc6
Rxh3 34. Rc8+ Kg7 35. Kg1 Ra6 36. Rb8 b6 37. axb6 Rxb6 38. Rd8 Nf4 39. d5 Rd3
0-1

[Event "Lichtenrader Herbst"]
[Site "Berlin"]
[Date "2009.10.24"]
[Round "8.7"]
[White "Giemsa, Stephan"]
[Black "Jaeger, Andre"]
[Result "1/2-1/2"]
[WhiteElo "2305"]
[BlackElo "2047"]
[PlyCount "91"]
[EventDate "2009.??.??"]
[WhiteTeam "SK König Tegel 1949 e.V."]
[BlackTeam "SC Rochade e.V."]

1. d4 g6 2. c4 Bg7 3. Nc3 d6 4. e4 Nd7 5. Nf3 c6 6. Be2 e5 7. Be3 Ne7 8. Qd2 h6
9. O-O-O Qc7 10. Kb1 a6 11. c5 dxc5 12. dxc5 f5 13. exf5 gxf5 14. g3 b5 15.
cxb6 Nxb6 16. Nh4 Be6 17. Qd6 Qxd6 18. Rxd6 Bd5 19. Bh5+ Kf8 20. Bxb6 Bxh1 21.
Bc5 Kg8 22. Re6 Nd5 23. Nxd5 Be4+ 24. Kc1 Bxd5 25. Rd6 Bf8 26. Rg6+ Kh7 27.
Bxf8 Rhxf8 28. Rd6 Rad8 29. Rxd8 Rxd8 30. Bg6+ Kg7 31. Bxf5 Bxa2 32. Bc2 Be6
33. Nf3 Kf6 34. Nd2 Bd5 35. Nf1 Kg5 36. Ne3 Be6 37. h4+ Kf6 38. Be4 c5 39. g4
Rd4 40. f3 Bb3 41. Bb7 a5 42. Be4 Rd8 43. Bh7 Rd4 44. Be4 Rd8 45. Bh7 Rd4 46.
Be4 1/2-1/2

[Event "Lichtenrader Herbst"]
[Site "Berlin"]
[Date "2009.10.24"]
[Round "8.8"]
[White "Hahlbohm, Matthias"]
[Black "Reichenbach, Werner"]
[Result "1-0"]
[WhiteElo "2090"]
[BlackElo "2280"]
[PlyCount "70"]
[EventDate "2009.??.??"]
[WhiteTeam "TSG Oberschöneweide e.V."]
[BlackTeam "SK Zehlendorf e.V."]

1. e4 e5 2. Nf3 Nc6 3. Bb5 a6 4. Ba4 Nf6 5. O-O Be7 6. Re1 b5 7. Bb3 O-O 8. c3
d5 9. exd5 Nxd5 10. h3 Bf6 11. a4 b4 12. a5 Rb8 13. Bc4 Re8 14. Qa4 Qd6 15. d3
Bd7 16. Qc2 Be7 17. Nbd2 Nf4 18. Ne4 Qg6 19. Ng3 h5 20. Bxf4 exf4 21. Ne2 Bd6
22. Kh1 Re7 23. Qd2 Qf5 24. Bxa6 bxc3 25. bxc3 Ra8 26. Bb7 Rxa5 27. Bxc6 Rxa1
28. Rxa1 Bxc6 29. Ned4 Qc5 30. Nxc6 Qxc6 31. d4 Qd5 32. Qd3 Re8 33. c4 Qe6 34.
Ra7 c6 35. Ra6 Bb8 {ZÜ} 1-0

[Event "Lichtenrader Herbst"]
[Site "Berlin"]
[Date "2009.10.24"]
[Round "8.9"]
[White "Davydov, Ruven"]
[Black "Gunajew, Rafal"]
[Result "1/2-1/2"]
[WhiteElo "1954"]
[BlackElo "2261"]
[PlyCount "64"]
[EventDate "2009.??.??"]
[WhiteTeam "TuS Makkabi Berlin e.V."]

1. e4 c5 2. Nf3 Nc6 3. d4 cxd4 4. Nxd4 Nf6 5. Nc3 d6 6. Be2 e5 7. Nb3 Be7 8.
Be3 Be6 9. Bf3 a5 10. Nd5 Bxd5 11. exd5 Nb4 12. c3 Na6 13. Nd2 O-O 14. Qb3 Nd7
15. O-O Nac5 16. Qc2 f5 17. Nb3 Na6 18. Be2 Kh8 19. f3 Nc7 20. Rad1 Qe8 21. c4
b6 22. Nc1 Qg6 23. Nd3 Bg5 24. f4 Bf6 25. Qa4 Qe8 26. fxe5 Nxe5 27. Qxe8 Rfxe8
28. Nxe5 Rxe5 29. Bxb6 Nxd5 30. Rxd5 Rxe2 31. Rxd6 Rxb2 32. Rfd1 Rxa2 1/2-1/2

[Event "Lichtenrader Herbst"]
[Site "Berlin"]
[Date "2009.10.24"]
[Round "8.10"]
[White "Lueders, Gerhard"]
[Black "Pesola, Jyrki"]
[Result "1/2-1/2"]
[WhiteElo "2259"]
[BlackElo "1946"]
[PlyCount "40"]
[EventDate "2009.??.??"]
[WhiteTeam "BSC Rehberge 1945 e.V."]

1. d4 f5 2. Nc3 d5 3. Bg5 g6 4. e3 Bg7 5. h4 c6 6. h5 h6 7. Bf4 g5 8. Bg3 Nf6
9. Nf3 Nbd7 10. Ne5 Nxe5 11. Bxe5 O-O 12. f3 Qe8 13. f4 g4 14. Bxf6 Bxf6 15.
Qd2 e6 16. Ne2 Bd7 17. Nc1 b6 18. Nd3 Qd8 19. O-O-O Rc8 20. Kb1 c5 1/2-1/2

[Event "Lichtenrader Herbst"]
[Site "Berlin"]
[Date "2009.10.24"]
[Round "8.11"]
[White "Boewer, Roland"]
[Black "Roitzsch, Philippe"]
[Result "1-0"]
[WhiteElo "2246"]
[BlackElo "2004"]
[PlyCount "85"]
[EventDate "2009.??.??"]
[WhiteTeam "SC Rotation Pankow e.V."]
[BlackTeam "Muldental Wilkau-Haßlau"]

1. Nf3 Nf6 2. g3 e6 3. Bg2 d5 4. O-O c5 5. d3 Be7 6. c4 O-O 7. cxd5 exd5 8. d4
c4 9. Nc3 Nc6 10. Ne5 Bb4 11. Bg5 Bxc3 12. bxc3 Be6 13. f4 h6 14. Bh4 Ne7 15.
Bxf6 gxf6 16. Nf3 Qd7 17. Nh4 Nf5 18. Nxf5 Bxf5 19. Bf3 Rae8 20. Kf2 Qe6 21.
Qd2 Re7 22. g4 Bxg4 23. Bxg4 f5 24. Bf3 Kh7 25. Rg1 Qf6 26. Rg3 Qh4 27. Rag1
Re6 28. R1g2 Rb6 29. Bxd5 Rg8 30. Bxf7 Rg4 31. e3 Rxg3 32. hxg3 Qe7 33. Bxc4
Qa3 34. Bb3 a5 35. Qc2 Rf6 36. g4 b5 37. gxf5 a4 38. Bg8+ Kh8 39. Be6 Qe7 40.
Kg1 Rf8 41. Qf2 Qa3 42. Qg3 Qe7 43. Qg6 1-0

[Event "Lichtenrader Herbst"]
[Site "Berlin"]
[Date "2009.10.24"]
[Round "8.12"]
[White "Schulz, Petra"]
[Black "Meissner, Hans-Juergen"]
[Result "0-1"]
[WhiteElo "2075"]
[BlackElo "2241"]
[PlyCount "60"]
[EventDate "2009.??.??"]
[WhiteTeam "Muldental Wilkau-Haßlau"]
[BlackTeam "SV Empor Berlin e.V."]

1. e4 c5 2. c3 Nf6 3. e5 Nd5 4. d4 cxd4 5. Nf3 e6 6. cxd4 b6 7. Bd3 Bb7 8. Nc3
Nxc3 9. bxc3 Qc7 10. Bd2 d6 11. O-O Nd7 12. Re1 Be7 13. h3 dxe5 14. Nxe5 Nxe5
15. Rxe5 O-O 16. Qg4 Bf6 17. Rae1 Bxe5 18. Rxe5 f5 19. Qe2 Bd5 20. c4 Be4 21.
Bxe4 fxe4 22. Qxe4 Qxc4 23. Rxe6 Rad8 24. Re7 Qxa2 25. Be3 Rf7 26. Re5 Qa4 27.
g4 Rdf8 28. Qd3 Qa2 29. Rh5 g6 30. Rg5 Rxf2 0-1

[Event "Lichtenrader Herbst"]
[Site "Berlin"]
[Date "2009.10.24"]
[Round "8.13"]
[White "Mueller, Tobias"]
[Black "Glantz, Robert"]
[Result "0-1"]
[WhiteElo "1922"]
[BlackElo "2228"]
[PlyCount "78"]
[EventDate "2009.??.??"]
[WhiteTeam "SK Marmstorf GW Harburg"]
[BlackTeam "Sfrd. Berlin 1903 e.V."]

1. c4 e5 2. g3 Nf6 3. Bg2 c6 4. d4 exd4 5. Qxd4 d5 6. Bg5 Be7 7. cxd5 cxd5 8.
Nf3 Nc6 9. Qa4 O-O 10. O-O Be6 11. Nd4 Qb6 12. Nb3 Rfd8 13. N1d2 h6 14. Be3 d4
15. Bf4 g5 16. Bxc6 bxc6 17. Be5 c5 18. Qa5 Nd5 19. e4 dxe3 20. fxe3 Nxe3 21.
Rf3 Qxa5 22. Nxa5 Nc2 23. Rd1 Bg4 24. Kf2 Bxf3 25. Kxf3 Rd3+ 26. Kf2 Ne3 27.
Ke2 Rad8 28. Nc6 Nxd1 29. Nxd8 Rxd8 30. Kxd1 f6 31. Bc3 Kf7 32. Ke2 Ke6 33. Nc4
Bd6 34. Kf3 Be5 35. Nxe5 fxe5 36. Ke2 Kf5 37. h3 Ke4 38. Be1 a6 39. Bf2 Rb8 0-1

[Event "Lichtenrader Herbst"]
[Site "Berlin"]
[Date "2009.10.24"]
[Round "8.14"]
[White "Suder, Ryszard"]
[Black "Hartmann, Chris-Peter"]
[Result "1-0"]
[WhiteElo "2163"]
[BlackElo "1745"]
[PlyCount "65"]
[EventDate "2009.??.??"]
[BlackTeam "TV Fischbek Suederelbe"]

1. Nf3 d5 2. b3 c5 3. e3 e6 4. Bb2 Nf6 5. Be2 Nc6 6. O-O Bd6 7. c4 d4 8. exd4
cxd4 9. d3 O-O 10. Ba3 Qe7 11. Bxd6 Qxd6 12. a3 a5 13. Nbd2 e5 14. Qc2 Nd7 15.
Ne4 Qe7 16. c5 f5 17. Nd6 b6 18. Qc4+ Kh8 19. Qd5 Ndb8 20. Nxc8 Rxc8 21. cxb6
Rd8 22. Qb5 g5 23. Rfc1 g4 24. Nd2 Rd6 25. Rc5 Rh6 26. Rac1 Qh4 27. Nf1 Qg5 28.
Rxc6 Nxc6 29. b7 Rb8 30. Rxc6 Rxc6 31. Qxe5+ Qf6 32. Qxb8+ Kg7 33. Qc8 1-0

[Event "Lichtenrader Herbst"]
[Site "Berlin"]
[Date "2009.10.24"]
[Round "8.15"]
[White "Richter, Goetz"]
[Black "Pueschel, Werner"]
[Result "0-1"]
[WhiteElo "2067"]
[BlackElo "2164"]
[PlyCount "134"]
[EventDate "2009.??.??"]
[WhiteTeam "Klub Kölner Schachfreunde e.V. 1"]
[BlackTeam "SG Lasker Steglitz-Wilmersdorf"]

1. e4 d5 2. exd5 Qxd5 3. Nc3 Qd6 4. d4 Nf6 5. g3 c6 6. Bg2 Bg4 7. Nge2 e6 8. f3
Bf5 9. Ne4 Qd8 10. Bf4 Be7 11. Qd2 Na6 12. Be5 Qb6 13. c4 Rd8 14. N2c3 Bxe4 15.
fxe4 Ng4 16. Na4 Bb4 17. Nxb6 Bxd2+ 18. Kxd2 Nxe5 19. Kc3 axb6 20. dxe5 Nc5 21.
a4 Rd3+ 22. Kc2 Re3 23. Rhe1 Rxe1 24. Rxe1 Ke7 25. b4 Nd7 26. Kc3 Ra8 27. Ra1
Nxe5 28. Kd4 f6 29. Bf1 c5+ 30. bxc5 Nc6+ 31. Ke3 bxc5 32. Be2 Nb4 33. Kd2 e5
34. Kc3 Rd8 35. Rd1 Rd4 36. Bf3 Kd6 37. Rd2 Kc6 38. g4 h6 39. h4 Rxd2 40. Kxd2
Kd6 41. h5 Nc6 42. Bd1 Na5 43. Kc3 b6 44. Be2 Nc6 45. Kd2 Kc7 46. Kc3 Kb7 47.
Kb2 Ka6 48. Ka2 Ka5 49. Ka3 Ne7 50. Kb3 g6 51. hxg6 Nxg6 52. Ka3 Nf4 53. Bf1
Ne6 54. Be2 Nd4 55. Bd1 Ka6 56. Kb2 Kb7 57. Kc3 Kc7 58. Kb2 Kd8 59. Ka2 Nc6 60.
Be2 Na5 61. Kb2 Ke7 62. Kc3 Kf7 63. Kd2 Kg6 64. Ke3 Kg5 65. Kf3 Kh4 66. Kg2 Nb3
67. Kf3 Nd4+ 0-1

[Event "Lichtenrader Herbst"]
[Site "Berlin"]
[Date "2009.10.24"]
[Round "8.16"]
[White "Niehaus, Frank"]
[Black "Ziese, Gerhard"]
[Result "1-0"]
[WhiteElo "2152"]
[BlackElo "2033"]
[PlyCount "100"]
[EventDate "2009.??.??"]
[WhiteTeam "Sfrd. Berlin 1903 e.V."]
[BlackTeam "SG Turm Leipzig"]

1. e4 e5 2. Nf3 Nc6 3. Bb5 f5 4. d3 fxe4 5. dxe4 Bc5 6. O-O d6 7. Qd3 Nf6 8.
Qc4 Bd7 9. Nc3 Qe7 10. Nd5 Nxd5 11. exd5 Nd4 12. Nxd4 Bxd4 13. a4 a6 14. Bxd7+
Qxd7 15. Be3 Bxe3 16. fxe3 O-O-O 17. Rf3 Rdf8 18. Raf1 Qe7 19. Qg4+ Kd8 20.
Rxf8+ Rxf8 21. Rxf8+ Qxf8 22. Qh4+ Kd7 23. Qxh7 c6 24. dxc6+ Kxc6 25. Qe4+ Kc7
26. Qc4+ Kd7 27. Qd5 Kc7 28. Qe6 Kc6 29. h3 b5 30. Qb3 Qf6 31. Qc3+ Kb6 32. a5+
Kb7 33. Qb3 Qh4 34. Kf1 Kc6 35. Qg8 Qf6+ 36. Ke2 Kb7 37. Qd5+ Kc7 38. c4 e4 39.
Qd4 Qg6 40. g4 bxc4 41. Qxc4+ Kd8 42. Qxa6 Qe6 43. Qb6+ Ke7 44. Qd4 Kf8 45. a6
d5 46. Qc5+ Kg8 47. a7 Qa6+ 48. Kf2 Kh7 49. Qxd5 Qxa7 50. Qxe4+ Kh8 1-0

[Event "Lichtenrader Herbst"]
[Site "Berlin"]
[Date "2009.10.24"]
[Round "8.17"]
[White "Voelz, Stephan"]
[Black "Dimitrijeski, Kristian"]
[Result "0-1"]
[WhiteElo "1997"]
[BlackElo "2148"]
[PlyCount "152"]
[EventDate "2009.??.??"]
[WhiteTeam "Muldental Wilkau-Haßlau"]
[BlackTeam "Sfrd. Berlin 1903 e.V."]

1. d4 c6 2. Nf3 d5 3. c4 Nf6 4. e3 Bg4 5. Nc3 e6 6. Qb3 Qb6 7. Ne5 Bh5 8. c5
Qc7 9. f4 Nfd7 10. Bd3 f6 11. Nxd7 Nxd7 12. Qc2 f5 13. Bd2 Be7 14. h4 Qd8 15.
g3 Nf6 16. Kf2 Ng4+ 17. Kg2 h6 18. Be2 O-O 19. b4 b6 20. Nd1 Qd7 21. Nf2 Nxf2
22. Bxh5 Nxh1 23. Kxh1 bxc5 24. bxc5 Rab8 25. Be2 Bf6 26. Bc3 g5 27. hxg5 hxg5
28. Kg2 gxf4 29. exf4 Qg7 30. Qd3 Qe7 31. Bh5 Bg7 32. Re1 Rf6 33. Bf3 Re8 34.
Qa6 Qc7 35. Rb1 Rf7 36. Bh5 Ree7 37. Bxf7+ Kxf7 38. Qe2 Kg8 39. Qh5 Qd8 40. Qg5
Qe8 41. Rb8 Qxb8 42. Qxe7 Qb1 43. Qe8+ Kh7 44. Qh5+ Bh6 45. Qf7+ Kh8 46. Qe8+
Kg7 47. Qe7+ Kh8 48. Qe8+ Kh7 49. Qf7+ Bg7 50. Qh5+ Kg8 51. Qe8+ Bf8 52. Qg6+
Kh8 53. Qf6+ Bg7 54. Qd8+ Kh7 55. Qh4+ Kg6 56. Qg5+ Kf7 57. Qh5+ Kf8 58. Qe2
Ke7 59. Kh2 Qc1 60. Bb2 Qb1 61. a3 Qa2 62. Qc2 Bxd4 63. Qa4 Qxb2+ 64. Kh3 Bxc5
65. Qxc6 Qb6 66. Qc8 Bxa3 67. Qg8 Kd7 68. g4 fxg4+ 69. Qxg4 Be7 70. Qf3 Qd4 71.
f5 Qh8+ 72. Kg2 Qg7+ 73. Kf1 Qf6 74. Ke2 Qxf5 75. Qb3 Qe4+ 76. Kf1 Qc4+ 0-1

[Event "Lichtenrader Herbst"]
[Site "Berlin"]
[Date "2009.10.24"]
[Round "8.18"]
[White "Schmidt, Stefan"]
[Black "Stippekohl, Peter"]
[Result "1-0"]
[WhiteElo "1989"]
[BlackElo "2140"]
[PlyCount "79"]
[EventDate "2009.??.??"]
[WhiteTeam "SC Zitadelle Spandau 1977 e.V."]
[BlackTeam "BSC Rehberge 1945 e.V."]

1. e4 d6 2. d4 g6 3. Be2 Nd7 4. Be3 Bg7 5. c3 b6 6. f4 Bb7 7. Nd2 Ngf6 8. Bf3
e5 9. Nh3 Qe7 10. fxe5 dxe5 11. Qc2 O-O-O 12. O-O-O h6 13. Nf2 Ne8 14. Qa4 Kb8
15. Nd3 Nd6 16. Nb4 Bf6 17. Rhe1 Bg5 18. Nc6+ Bxc6 19. Qxc6 Bxe3 20. Rxe3 h5
21. Kb1 Qf6 22. Qa4 c5 23. Rd3 cxd4 24. cxd4 exd4 25. Nb3 Ne5 26. Nxd4 Nb7 27.
Ra3 a5 28. Rc1 Rc8 29. Rac3 Rxc3 30. Rxc3 Rc8 31. Rxc8+ Kxc8 32. Qe8+ Nd8 33.
Be2 Kb7 34. Qb5 Qd6 35. Qa6+ Kb8 36. Nb5 Qc6 37. Qa7+ Kc8 38. Qe7 Qxe4+ 39. Ka1
Ne6 40. Nd6+ 1-0

[Event "Lichtenrader Herbst"]
[Site "Berlin"]
[Date "2009.10.24"]
[Round "8.19"]
[White "Wuensch, Ulrich"]
[Black "Schulz, Anja"]
[Result "0-1"]
[WhiteElo "2137"]
[BlackElo "1979"]
[PlyCount "72"]
[EventDate "2009.??.??"]
[WhiteTeam "USG Chemnitz"]
[BlackTeam "Muldental Wilkau-Haßlau"]

1. d4 Nf6 2. Nf3 g6 3. c4 Bg7 4. Nc3 O-O 5. e4 d6 6. h3 a6 7. Be3 Nbd7 8. Be2
c5 9. e5 Ne8 10. exd6 Nxd6 11. d5 b5 12. cxb5 axb5 13. Qc2 Bb7 14. O-O b4 15.
Nb5 Qa5 16. a4 Rac8 17. Rad1 Nb6 18. Bg5 Nxb5 19. axb5 Nxd5 20. Bc4 e6 21. h4
h6 22. Bd2 Qc7 23. h5 gxh5 24. Qc1 Kh7 25. Bd3+ f5 26. Rfe1 c4 27. Bb1 c3 28.
Rxe6 cxd2 29. Qxd2 Nf4 30. b6 Qf7 31. Rd6 Bxf3 32. gxf3 Rg8 33. Kh1 Nh3 34. Rd7
Qg6 35. Kh2 Ng5 36. f4 Nf3+ 0-1

[Event "Lichtenrader Herbst"]
[Site "Berlin"]
[Date "2009.10.24"]
[Round "8.20"]
[White "Zschaebitz, Klaus"]
[Black "Kropman, Alexei"]
[Result "0-1"]
[WhiteElo "2099"]
[BlackElo "1947"]
[PlyCount "68"]
[EventDate "2009.??.??"]
[WhiteTeam "BSG 1827 Eckbauer e.V."]
[BlackTeam "TuS Makkabi Berlin e.V."]

1. Nf3 d5 2. d4 Nf6 3. c4 c6 4. g3 e6 5. Nbd2 Be7 6. Bg2 O-O 7. O-O b6 8. Qc2
Bb7 9. b3 Nbd7 10. Bb2 c5 11. Rfd1 Rc8 12. Rac1 h6 13. Bc3 b5 14. cxb5 cxd4 15.
Nxd4 Bc5 16. e3 e5 17. Ne2 Qb6 18. Qf5 g6 19. Qh3 h5 20. Nf1 Qxb5 21. Re1 Ng4
22. a4 Qb6 23. Bd2 Ndf6 24. a5 Qd6 25. f3 Kg7 26. Bh1 d4 27. e4 d3+ 28. Rxc5
Qxc5+ 29. Ne3 Nxe3 30. b4 Qd6 31. Nc1 Nc4 32. Qg2 Nxd2 33. Qxd2 Qd4+ 34. Kg2
Rc2 0-1